| 000 | 01921nam1a2200481 i 4500 | ||
|---|---|---|---|
| 001 | RU\NLR\bibl\1721102 | ||
| 005 | 20260406162444.0 | ||
| 010 | _a978-5-4224-0088-1 | ||
| 035 | _a(NLR Aleph) 001712094 | ||
| 090 |
_a1286543 _c1286543 |
||
| 100 | _a20110111g20109999u y0rusy50 ca | ||
| 101 | 0 | _arus | |
| 102 | _aRU | ||
| 105 | _a||||z ||||| | ||
| 200 | 1 |
_aРусская история в жизнеописаниях ее главнейших деятелей _eсобрание сочинений _eв 12 т. _fНиколай Иванович Костомаров _g[сост.: С. Ошевский] |
|
| 210 |
_aМосква _cКниговек _d2010 |
||
| 215 | _d21 | ||
| 225 | 1 | _aИстория Руси | |
| 300 | _aЗагл. обл.: Собрание сочинений | ||
| 311 | _aОгонек: лит. прил. | ||
| 463 | 0 | _10011706709 | |
| 463 | 0 | _10011707048 | |
| 463 | 0 | _10011726633 | |
| 463 | 0 | _10011727689 | |
| 463 | 0 | _10011706471 | |
| 463 | 0 | _10011724732 | |
| 463 | 0 | _10011724325 | |
| 463 | 0 | _10011724048 | |
| 463 | 0 | _10011724045 | |
| 463 | 0 | _10011706220 | |
| 463 | 0 | _10011705982 | |
| 463 | 0 | _10011706720 | |
| 512 | 1 |
_6z22790 _aСобрание сочинений |
|
| 606 | 1 |
_aГосударственные и политические деятели _yРоссия _91801549 _3RU\NLR\auth\66811707 |
|
| 686 | _aТ3(2)0-8 | ||
| 700 | 1 |
_4070 _8rus _7ca _aКостомаров _bН. И. _cисторик _f1817-1885 _gНиколай Иванович _3RU\NLR\auth\779376 _9119208 |
|
| 702 | 1 |
_aОшевский _bС. Д. _f1937-2007 _gСтанислав Дмитриевич _4220 |
|
| 790 | 1 |
_4070 _8rus _7ca _aКостомаров _bН. И. _cисторик _f1817-1885 _gНиколай Иванович _3RU\NLR\auth\779376 _9119208 |
|
| 801 | 0 |
_aRU _bNLR _c20110111 _gRCR |
|
| 801 | 1 |
_aRU _bNLR _c20110111 |
|
| 852 |
_aNLR _j2010-3/39314 |
||
| 942 | _cBOOK | ||